[Event "Zhukovsky op"]
[Site "Zhukovsky"]
[Date "2014.??.??"]
[Round "3"]
[White "Golyshikhin, Sergey"]
[Black "Kuznetsov, Yuriy"]
[Result "1-0"]
[WhiteElo "1838"]
[BlackElo "1806"]
[PlyCount "75"]
[EventDate "2014.08.08"]
[EventType "swiss"]
[EventRounds "9"]
[EventCountry "RUS"]
[SourceTitle "CBM 162 Extra"]
[Source "ChessBase"]
[SourceDate "2014.10.17"]
[SourceVersion "1"]
[SourceVersionDate "2014.10.17"]
[SourceQuality "1"]

1. e3 e6 2. c4 Nf6 3. Nc3 b6 4. g3 Bb7 5. Nf3 Be7 6. Bg2 0-0 7. 0-0 d6 8. d4 d5 9. b3 Nbd7 10. a4 a5 11. Re1 c6 12. e4 dxe4 13. Nxe4 Nxe4 14. Rxe4 c5 15. Re1 cxd4 16. Nxd4 Bxg2 17. Kxg2 Bc5 18. Bb2 Qe7 19. Nf5 Qg5 20. Nxg7 Nf6 21. Qf3 Kxg7 22. Re4 Kg6 23. Bxf6 Qf5 24. Rf4 Kxf6 25. Rxf5+ exf5 26. g4 Rad8 27. Qxf5+ Kg7 28. Qg5+ Kh8 29. Qf6+ Kg8 30. Re1 Rd6 31. Qf5 Rg6 32. h4 h6 33. h5 Rg5 34. Qe4 Kg7 35. Kg3 f5 36. Qe5+ Rf6 37. Rd1 Bxf2+ 38. Kh2 1-0